Normal view
MARC view
Entry Personal Name
001 - CONTROL NUMBER
- control field: 54294
003 - CONTROL NUMBER IDENTIFIER
- control field: OSt
005 - DATE AND TIME OF LATEST TRANSACTION
- control field: 20160427123209.0
008 - FIXED-LENGTH DATA ELEMENTS
- fixed length control field: 160427|| aca||aabn | a|a d
040 ## - CATALOGING SOURCE
- Original cataloging agency: OSt
- Transcribing agency: OSt
100 ## - HEADING--PERSONAL NAME
- Personal name: अग्रवाल अलका
670 ## - SOURCE DATA FOUND
- Source citation: Work cat.: (OSt)48025: अग्रवाल अलका , भारतीय वामपंथी राजनीति और हिन्दी उपन्यास , 2012









